Từ điển ngữ văn : Dùng cho học sinh - sinh viên

Trình bày các khái niệm cơ bản liên quan đến việc dạy và học môn ngữ văn trong nhà trường. Các thuật ngữ thông dụng và thuật trong sách giáo khoa ngữ văn được giải nghĩa đơn giản, dễ hiểu

সংরক্ষণ করুন:
গ্রন্থ-পঞ্জীর বিবরন
প্রধান লেখক: Nguyễn, Như Ý
বিন্যাস: গ্রন্থ
ভাষা:Undetermined
প্রকাশিত: Hà Nội Giáo dục Việt Nam 2011
বিষয়গুলি:
ট্যাগগুলো: ট্যাগ যুক্ত করুন
কোনো ট্যাগ নেই, প্রথমজন হিসাবে ট্যাগ করুন!
Thư viện lưu trữ: Trung tâm Học liệu Trường Đại học Cần Thơ
LEADER 00954nam a2200217Ia 4500
001 CTU_183817
008 210402s9999 xx 000 0 und d
020 |c 98000 
082 |a 495.9223 
082 |b Y600 
100 |a Nguyễn, Như Ý 
245 0 |a Từ điển ngữ văn : 
245 0 |b Dùng cho học sinh - sinh viên 
245 0 |c Nguyễn Như Ý, Đỗ Việt Hùng, Chu Huy (chủ biên) 
260 |a Hà Nội 
260 |b Giáo dục Việt Nam 
260 |c 2011 
520 |a Trình bày các khái niệm cơ bản liên quan đến việc dạy và học môn ngữ văn trong nhà trường. Các thuật ngữ thông dụng và thuật trong sách giáo khoa ngữ văn được giải nghĩa đơn giản, dễ hiểu 
650 |a Vietnamese language,Tiếng Việt 
904 |i Hải 
980 |a Trung tâm Học liệu Trường Đại học Cần Thơ